Por los caminos de la esperanza.

Bibliographic Details
Main Author: Dooner, Patricio (ed.)
Other Authors: Medina, Hernán (ed.)
Format: Libro
Language:English
Published: Santiago, Chile SERNAM 2000
Subjects:

MARC

LEADER 00000cam a2200000 a 4500
001 004859
003 UAHC_CL
005 20170803120100.0
008 010711b xx j 000 1 eng
040 |a UAHC_CL  |c UAHC_CL  |d UAHC_CL 
100 1 |a Dooner, Patricio  |e ed. 
245 1 0 |a Por los caminos de la esperanza. 
260 |b SERNAM  |c 2000  |a Santiago, Chile 
300 |a 245 p. 
650 4 |a NIÑOS  |x CONDICIONES SOCIALES  |z CHILE 
650 4 |a JOVENES 
700 1 |a Medina, Hernán  |e ed. 
900 |a 305.231 POR 
942 |c BK 
952 |0 0  |1 0  |4 0  |6 305_231000000000000_POR  |7 0  |8 General  |9 10801  |a BC  |b BC  |c General  |d 2017-08-03  |l 0  |o 305.231 POR  |p 1305928  |r 2026-01-13 00:00:00  |t 1  |w 2017-08-03  |y BK 
999 |c 4859  |d 4859